Normal view
MARC view
Entry Personal Name
001 - CONTROL NUMBER
- control field: 17672
003 - CONTROL NUMBER IDENTIFIER
- control field: BD-RjUL
005 - DATE AND TIME OF LATEST TRANSACTION
- control field: 20260201105337.0
008 - FIXED-LENGTH DATA ELEMENTS
- fixed length control field: 260201|| aca||aabn | a|a d
040 ## - CATALOGING SOURCE
- Original cataloging agency: BD-RjUL
- Transcribing agency: BD-RjUL
100 ## - HEADING--PERSONAL NAME
- Personal name: Iqbal, Muhammad,
- Dates associated with a name: 1877-1938
- General subdivision: Criticism and interpretation
670 ## - SOURCE DATA FOUND
- Source citation: Work cat.: (BD-RjUL)86160: Beg, Abdulla Anwar. 188348, The poet of the East :, 1939.